ARRUPE JESUIT UNIVERSITY

CORONAVIRUS -STOP THE SPREAD - CLEAN,DISINFECT,COVER

Critical rationalism : (Record no. 121216)

MARC details
000 -LEADER
fixed length control field 01096pam a2200301 a 4500
001 - CONTROL NUMBER
control field 1123753
003 - CONTROL NUMBER IDENTIFIER
control field ARRUPE
005 - DATE AND TIME OF LATEST TRANSACTION
control field 20141112020008.0
008 - FIXED-LENGTH DATA ELEMENTS--GENERAL INFORMATION
fixed length control field 940331s1994 ilua b 001 0 eng
010 ## - LIBRARY OF CONGRESS CONTROL NUMBER
LC control number 94011205
020 ## - INTERNATIONAL STANDARD BOOK NUMBER
International Standard Book Number 0812691970
020 ## - INTERNATIONAL STANDARD BOOK NUMBER
International Standard Book Number 0812691989 (pbk.)
040 ## - CATALOGING SOURCE
Original cataloging agency DLC
Transcribing agency DLC
Modifying agency DLC
050 00 - LIBRARY OF CONGRESS CALL NUMBER
Classification number Q175
Item number .M629 1994
082 00 - DEWEY DECIMAL CLASSIFICATION NUMBER
Classification number 501
Edition number 20
300 ## - PHYSICAL DESCRIPTION
Other physical details ill. ;
Dimensions 24 cm.
100 1# - MAIN ENTRY--PERSONAL NAME
Personal name Miller, David
Fuller form of name (David W.)
9 (RLIN) 12535
245 10 - TITLE STATEMENT
Title Critical rationalism :
Remainder of title a restatement and defence /
Statement of responsibility, etc David Miller.
260 ## - PUBLICATION, DISTRIBUTION, ETC. (IMPRINT)
Place of publication, distribution, etc Chicago :
Name of publisher, distributor, etc Open Court,
Date of publication, distribution, etc c1994.
300 ## - PHYSICAL DESCRIPTION
Extent xiii, 264 p. :
504 ## - BIBLIOGRAPHY, ETC. NOTE
Bibliography, etc Includes bibliographical references (p. [233]-252) and index.
600 10 - SUBJECT ADDED ENTRY--PERSONAL NAME
Personal name Popper, Karl R.
Fuller form of name (Karl Raimund),
Dates associated with a name 1902-1994.
Title of a work Logik der Forschung.
9 (RLIN) 12536
650 #0 - SUBJECT ADDED ENTRY--TOPICAL TERM
Topical term or geographic name as entry element Science
General subdivision Philosophy.
9 (RLIN) 12537
650 #0 - SUBJECT ADDED ENTRY--TOPICAL TERM
Topical term or geographic name as entry element Rationalism.
9 (RLIN) 85
650 #0 - SUBJECT ADDED ENTRY--TOPICAL TERM
Topical term or geographic name as entry element Induction (Logic)
9 (RLIN) 2839
906 ## - LOCAL DATA ELEMENT F, LDF (RLIN)
a 7
b cbc
c orignew
d 1
e ocip
f 19
g y-gencatlg
942 ## - ADDED ENTRY ELEMENTS (KOHA)
Source of classification or shelving scheme Library of Congress Classification
Koha item type Monograph ( Printed materials)
Koha issues (borrowed), all copies 1
Holdings
Withdrawn status Lost status Source of classification or shelving scheme Damaged status Not for loan Collection code Home library Current library Shelving location Date acquired Total Checkouts Full call number Barcode Date last seen Date checked out Price effective from Koha item type
    Library of Congress Classification     Main Collection ARRUPE LIBRARY ARRUPE LIBRARY Main Collection 11/11/2014 2 Q175 .M629 1994 46004004474 03/07/2019 30/10/2018 11/11/2014 Monograph ( Printed materials)

 

Arrupe Library. PO Box MP320 Mt Pleasant, Harare, Zimbabwe
263 242 745411|librarian@aju.ac.zw